Sencillamente cuerdo. La espiritualidad de la salud mental.
Guardat en:
| Autor principal: | |
|---|---|
| Altres autors: | |
| Format: | Desconegut |
| Publicat: |
Bilbao, España:
Desclée De Brouwer,
1997.
|
| Col·lecció: | Crecimiento personal.
|
| Matèries: | |
| Etiquetes: |
Afegir etiqueta
Sense etiquetes, Sigues el primer a etiquetar aquest registre!
|
MARC
| LEADER | 00000 a2200000 4500 | ||
|---|---|---|---|
| 003 | CL-VaPUC | ||
| 005 | 20230511074345.0 | ||
| 008 | 201217t1997 ||||| |||| 00| 0 eng d | ||
| 999 | |c 432116 |d 432114 | ||
| 020 | |a 9788433012692 | ||
| 040 | |c Pontificia Universidad Católica de Valparaíso | ||
| 082 | 1 | 4 | |2 21 |a 141.3 MAY 1997 |
| 100 | |a May, Gerald |9 857719 |e autor | ||
| 245 | |a Sencillamente cuerdo. |b La espiritualidad de la salud mental. | ||
| 260 | 0 | 3 | |a Bilbao, España: |b Desclée De Brouwer, |c 1997. |
| 300 | |a 180 páginas. | ||
| 490 | |a Crecimiento personal. |n 22. | ||
| 583 | |k Cristina Rojas |c 20201217 | ||
| 650 | 0 | 0 | |a Espiritualidad |9 267331 |
| 650 | 0 | 0 | |a Salud mental |9 308393 |
| 650 | 0 | 0 | |9 438434 |a Crecimiento personal |
| 700 | |a Bonet, José-Vicente |e prólogo |9 858927 | ||
| 942 | |2 ddc |c BK | ||
| 952 | |0 0 |1 0 |2 ddc |4 0 |6 141_300000000000000_MAY_1997 |7 0 |8 A |9 577200 |a BIBTEO |b BIBTEO |d 2020-12-16 |e 3 |g 22217.00 |i 5580269 |l 1 |o 141.3 MAY 1997 |p 5580269 |r 2025-01-17 |s 2024-04-19 |t 1 |v 22217.00 |w 2020-12-16 |y BK |k ICR | ||